000 00834nam a22002417a 4500
005 20080626104633.0
008 080618t xxu||||| |||| 00| 0 eng d
010 _aENG-90410
020 _c595.00
_a8131304266
035 _aEN-73943
037 _bDBAD / PUB
040 _aDPL
_bEN
082 _a372
100 _aRao Kandregula, B.B.
245 _aElementary education /
_cby B.B. Rao Kundregula
260 _aNew Delhi
_bAPH Publishing Corporation
_c2008
260 _a
_b
270 _a4435-36/7, Ansri Road, Darya Ganj,
_bNew Delhi
_e110002
300 _axxv, 197p.
_c23 cm (Hb)
500 _aincludes bibliographical references
942 _cEN
_h372
_2ddc
_mRAO
999 _c14061
_d14061